| 000 | 00364cam a2200145ua 4500 | ||
|---|---|---|---|
| 020 | _a8126508272 | ||
| 082 |
_a519.0624 _bKRE/AD |
||
| 100 |
_aKreyszig, Erwin . _91234 |
||
| 245 | _aAdvanced Engineering Mathematics / | ||
| 250 | _a8 / | ||
| 260 |
_aNew Delhi : _bWiley Eastern Ltd , _c2006 |
||
| 300 | _a988 ; .1156 | ||
| 500 | _aBB 86, BB 87 CSS | ||
| 942 | _cBK | ||
| 999 |
_c6547 _d6547 |
||